| 000 | 00425nam a2200157Ia 4500 | ||
|---|---|---|---|
| 008 | 230718s9999 xx 000 0 und d | ||
| 041 | _aeng | ||
| 082 |
_a005.2682 _bTIS |
||
| 100 | _aTischer M. | ||
| 245 |
_aPC Intern System Programming _bThe Encyclopedia DOS Programming Know How |
||
| 260 |
_c1992 _bAbacus |
||
| 300 | _a1356 | ||
| 365 |
_cRs. _b1440.00 |
||
| 700 | _aTischer M. | ||
| 906 |
_dB:94722-Apr-1995 _cCOMP _b216 |
||
| 999 |
_c293739 _d293739 |
||